Горение в воздухе нанопорошка алюминия с добавками порошка оксида меди; Современные техника и технологии; Т. 3
| Parent link: | Современные техника и технологии: сборник трудов XVI Международной научно-практической конференции студентов, аспирантов и молодых ученых, Томск, 12-16 апреля 2010 г/ Национальный исследовательский Томский политехнический университет (ТПУ).— , 2010 Т. 3.— 2010.— [С. 395-396] |
|---|---|
| Autore principale: | |
| Altri autori: | |
| Riassunto: | Заглавие с титульного листа Электронная версия печатной публикации |
| Lingua: | russo |
| Pubblicazione: |
2010
|
| Soggetti: | |
| Accesso online: | http://www.lib.tpu.ru/fulltext/c/2010/C01/V1/188.pdf |
| Natura: | MixedMaterials Elettronico Capitolo di libro |
| KOHA link: | https://koha.lib.tpu.ru/cgi-bin/koha/opac-detail.pl?biblionumber=237090 |
MARC
| LEADER | 00000naa2a2200000 4500 | ||
|---|---|---|---|
| 001 | 237090 | ||
| 005 | 20260422132302.0 | ||
| 035 | |a (RuTPU)RU\TPU\book\258260 | ||
| 035 | |a RU\TPU\book\258256 | ||
| 090 | |a 237090 | ||
| 100 | |a 20130508d2010 k y0rusy50 ca | ||
| 101 | 0 | |a rus | |
| 102 | |a RU | ||
| 135 | |a drnn ---uucaa | ||
| 181 | 0 | |a i | |
| 182 | 0 | |a b | |
| 200 | 1 | |a Горение в воздухе нанопорошка алюминия с добавками порошка оксида меди |f Е. В. Шинкевич |g науч. рук. А. П. Ильин | |
| 203 | |a Текст |c электронный | ||
| 215 | |a 1 файл (122 Кб) | ||
| 300 | |a Заглавие с титульного листа | ||
| 300 | |a Электронная версия печатной публикации | ||
| 337 | |a Adobe Reader | ||
| 461 | 1 | |0 (RuTPU)RU\TPU\book\245271 |t Современные техника и технологии |o сборник трудов XVI Международной научно-практической конференции студентов, аспирантов и молодых ученых, Томск, 12-16 апреля 2010 г |o в 3 т. |f Национальный исследовательский Томский политехнический университет (ТПУ) |d 2010 | |
| 463 | 1 | |0 (RuTPU)RU\TPU\book\255783 |t Т. 3 |v [С. 395-396] |d 2010 | |
| 610 | 1 | |a электронный ресурс | |
| 610 | 1 | |a труды учёных ТПУ | |
| 610 | 1 | |a нанопорошки | |
| 610 | 1 | |a алюминий | |
| 610 | 1 | |a горение в воздухе | |
| 610 | 1 | |a медные порошки | |
| 610 | 1 | |a ракетное топливо | |
| 610 | 1 | |a электровзрывы | |
| 610 | 1 | |a алюминиевые нанопорошки | |
| 700 | 1 | |a Шинкевич |b Е. В. |c специалист в области физики высоких технологий |c инженер Томского политехнического университета |f 1989 |g Екатерина Викторовна |3 (RuTPU)RU\TPU\pers\30781 | |
| 702 | 1 | |a Ильин |b А. П. |4 727 | |
| 801 | 1 | |a RU |b 63413507 |c 20130213 | |
| 801 | 2 | |a RU |b 63413507 |c 20130513 |g RCR | |
| 856 | 4 | |u http://www.lib.tpu.ru/fulltext/c/2010/C01/V1/188.pdf | |
| 942 | |c CF | ||